[Event "Oberliga Nord W 1516"]
[Site "Germany"]
[Date "2016.01.17"]
[Round "5.2"]
[White "Ivanov, Vladimir"]
[Black "Schmidt Brauns, Joachim"]
[Result "1-0"]
[WhiteElo "2373"]
[BlackElo "2132"]
[PlyCount "105"]
[EventDate "2015.09.20"]
[EventType "team-tourn"]
[EventRounds "9"]
[EventCountry "GER"]
[SourceTitle "CBM 170 Extra"]
[Source "ChessBase"]
[SourceDate "2016.02.25"]
[SourceVersion "1"]
[SourceVersionDate "2016.02.25"]
[SourceQuality "1"]
[WhiteTeam "Hannover"]
[BlackTeam "Wolfsburg"]
[WhiteTeamCountry "GER"]
[BlackTeamCountry "GER"]

1. Nf3 Nf6 2. c4 c5 3. g3 b6 4. Bg2 Bb7 5. 0-0 e6 6. Nc3 Be7 7. d4 cxd4 8. Nxd4 Bxg2 9. Kxg2 0-0 10. Qd3 Nc6 11. Nxc6 dxc6 12. Qf3 Qc7 13. Bg5 h6 14. Be3 Rad8 15. Rad1 Rxd1 16. Rxd1 Rd8 17. Rxd8+ Bxd8 18. h4 Be7 19. g4 Nd7 20. g5 hxg5 21. hxg5 Ne5 22. Qg3 Bd6 23. c5 bxc5 24. Ne4 Nc4 25. Nxd6 Qxd6 26. Qxd6 Nxd6 27. Bxc5 Nc8 28. Kf3 Kh7 29. Ke4 Kg6 30. f4 f6 31. b4 Kf7 32. e3 Ke8 33. g6 Ne7 34. Bxa7 Nxg6 35. Bc5 Nh8 36. a4 Nf7 37. a5 f5+ 38. Kf3 Kd7 39. Be7 e5 40. Kg3 g6 41. Kf2 Kc7 42. Ke2 exf4 43. exf4 Nh6 44. Kd3 Ng4 45. Kd4 Kd7 46. a6 Kc7 47. Bd8+ Kb8 48. Kc5 Nf2 49. Kxc6 Nd3 50. Be7 Ka7 51. b5 Nxf4 52. Bc5+ Ka8 53. b6 1-0

[Event "Oberliga Nord W 1516"]
[Site "Germany"]
[Date "2015.12.13"]
[Round "4.2"]
[White "Zeitlein, Michael"]
[Black "Ivanov, Vladimir"]
[Result "1/2-1/2"]
[WhiteElo "2381"]
[BlackElo "2373"]
[PlyCount "64"]
[EventDate "2015.09.20"]
[EventType "team-tourn"]
[EventRounds "9"]
[EventCountry "GER"]
[SourceTitle "CBM 170 Extra"]
[Source "ChessBase"]
[SourceDate "2016.02.25"]
[SourceVersion "1"]
[SourceVersionDate "2016.02.25"]
[SourceQuality "1"]
[WhiteTeam "Bremer SG"]
[BlackTeam "Hannover"]
[WhiteTeamCountry "GER"]
[BlackTeamCountry "GER"]

1. e4 c5 2. Nf3 g6 3. c4 Bg7 4. d4 cxd4 5. Nxd4 Nc6 6. Be3 Nf6 7. Nc3 0-0 8. Be2 b6 9. 0-0 Bb7 10. Nb3 d6 11. Rc1 Nd7 12. Qd2 Nc5 13. Bh6 Nxb3 14. axb3 Nd4 15. Bd1 Bxh6 16. Qxh6 f5 17. exf5 Nxf5 18. Qd2 e5 19. Bc2 Nd4 20. Ne2 Ne6 21. Rcd1 Qf6 22. Qe3 Nf4 23. Nxf4 exf4 24. Qd4 f3 25. Qxf6 Rxf6 26. Rfe1 fxg2 27. Be4 Bxe4 28. Rxe4 Raf8 29. Rd2 Rf3 30. b4 R8f4 31. Rxf4 Rxf4 32. b3 Rf3 1/2-1/2

[Event "Oberliga Nord W 1314"]
[Site "Germany"]
[Date "2014.02.23"]
[Round "7.2"]
[White "Ivanov, Vladimir"]
[Black "Hoeffer, David"]
[Result "1/2-1/2"]
[WhiteElo "2327"]
[BlackElo "2241"]
[PlyCount "78"]
[EventDate "2013.10.13"]
[EventType "team-tourn"]
[EventRounds "9"]
[EventCountry "GER"]
[SourceTitle "EXT 2015"]
[Source "ChessBase"]
[SourceDate "2014.11.20"]
[SourceVersion "1"]
[SourceVersionDate "2014.11.20"]
[SourceQuality "1"]
[WhiteTeam "Hannover"]
[BlackTeam "Delmenhorst"]
[WhiteTeamCountry "GER"]
[BlackTeamCountry "GER"]

1. Nf3 c5 2. g3 Nc6 3. Bg2 Nf6 4. 0-0 d5 5. d4 e6 6. c4 Be7 7. cxd5 exd5 8. dxc5 Bxc5 9. Nbd2 0-0 10. Nb3 Bb6 11. Nbd4 Ne4 12. Nxc6 bxc6 13. Nd2 Nxd2 14. Qxd2 Re8 15. Bf3 Qf6 16. Qf4 Qxf4 17. Bxf4 Ba6 18. Rfe1 Ba5 19. Rec1 Bxe2 20. Bxe2 Rxe2 21. Be3 Rc8 22. Rab1 Bb6 23. Kf1 Bxe3 24. Kxe2 Bxc1 25. Rxc1 Kf8 26. Rc5 Ke7 27. Ra5 Rc7 28. b4 Kd6 29. Kd3 Rb7 30. a3 Kc7 31. Ra6 h5 32. Kd4 Kd6 33. f4 g6 34. Kd3 f6 35. h3 g5 36. f5 Rc7 37. Kd4 Rb7 38. Kd3 Rc7 39. Kd4 Rb7 1/2-1/2

[Event "IECG CP.2005.Q.00019 email"]
[Site "IECG email"]
[Date "2007.01.15"]
[Round "?"]
[White "Hellstroem, Ake"]
[Black "Ivanov, Vladimir"]
[Result "1-0"]
[WhiteElo "2440"]
[BlackElo "2411"]
[PlyCount "81"]
[EventDate "2007.01.15"]
[EventType "tourn (corr)"]
[EventRounds "6"]
[SourceTitle "Corr 2011"]
[Source "ChessBase"]
[SourceDate "2010.08.31"]
[SourceVersion "1"]
[SourceVersionDate "2010.08.31"]
[SourceQuality "1"]

1. d4 Nf6 2. c4 e6 3. Nf3 b6 4. a3 Ba6 5. Qc2 Bb7 6. Nc3 c5 7. e4 cxd4 8. Nxd4 Bc5 9. Nb3 Nc6 10. Bf4 e5 11. Bg5 h6 12. Bh4 0-0 13. f3 Be7 14. Bf2 Ne8 15. Rd1 d6 16. Be2 Bh4 17. g3 Be7 18. 0-0 Qc8 19. f4 exf4 20. gxf4 Nf6 21. Nd5 Re8 22. Qd3 Ba6 23. Rfe1 Bd8 24. Nd2 Ng4 25. Bxg4 Qxg4+ 26. Kh1 Qh5 27. Rg1 Rc8 28. Rde1 g5 29. b3 f6 30. Qc3 Qf7 31. Nf1 Rb8 32. b4 Bc8 33. b5 Na5 34. Bd4 Bb7 35. Nfe3 Bxd5 36. Nxd5 Rc8 37. c5 Rxe4 38. Rxe4 f5 39. fxg5 Qxd5 40. gxh6+ Kf8 41. Qf3 1-0

[Event "BL2-Nord 0203"]
[Site "Germany"]
[Date "2003.03.30"]
[Round "9.2"]
[White "Ivanov, Vladimir"]
[Black "Seils, Joerg"]
[Result "1-0"]
[WhiteElo "2221"]
[BlackElo "2388"]
[PlyCount "145"]
[EventDate "2002.10.20"]
[EventType "team-tourn"]
[EventRounds "9"]
[EventCountry "GER"]
[SourceTitle "EXT 2004"]
[Source "ChessBase"]
[SourceDate "2003.11.25"]
[SourceVersion "1"]
[SourceVersionDate "2003.11.25"]
[SourceQuality "1"]
[WhiteTeam "Magdeburg USC"]
[BlackTeam "Berlin Rotation"]
[WhiteTeamCountry "GER"]
[BlackTeamCountry "GER"]

1. d4 Nf6 2. c4 e6 3. Nf3 Bb4+ 4. Bd2 Qe7 5. Nc3 0-0 6. g3 d6 7. a3 Bxc3 8. Bxc3 Ne4 9. Qc2 Nxc3 10. Qxc3 Nd7 11. Bg2 e5 12. 0-0 Re8 13. b4 e4 14. Nd2 Nf6 15. e3 Bf5 16. c5 d5 17. c6 b6 18. a4 Qe6 19. a5 Rac8 20. Rfc1 Bh3 21. Qb3 h5 22. Qd1 Bxg2 23. Kxg2 h4 24. h3 hxg3 25. fxg3 g6 26. axb6 axb6 27. Qf1 Kg7 28. Qf4 Nh5 29. Qf2 f5 30. h4 Qd6 31. b5 Ra8 32. Nf1 Ra3 33. Rxa3 Qxa3 34. Rc2 Ra8 35. Rb2 Ra5 36. Qd2 Nf6 37. Nh2 Qa4 38. g4 fxg4 39. Qf2 Qa3 40. Rb1 Qd6 41. Nf1 Nh5 42. Qe2 Qf6 43. Qxg4 Ra2+ 44. Kg1 Qf2+ 45. Kh1 Nf6 46. Qg5 Kf7 47. Qg3 Qxg3 48. Nxg3 Ng4 49. Rb3 Rh2+ 50. Kg1 Rxh4 51. Ra3 Ke6 52. Nf1 Nf6 53. Ra8 Ke7 54. Rc8 Kd6 55. Rd8+ Ke6 56. Ng3 Rh7 57. Ne2 g5 58. Nc3 Re7 59. Rc8 Ne8 60. Kf2 Nd6 61. Rg8 Rf7+ 62. Ke2 Kf5 63. Nxd5 Nxb5 64. Re8 Nd6 65. Re5+ Kg4 66. Re6 Nf5 67. Rxe4+ Kg3 68. Re8 Nd6 69. Rd8 Nc4 70. Rd7 Rf2+ 71. Kd3 b5 72. Rxc7 g4 73. Rd7 1-0